000 01368nam a22002417a 4500
005 20110329165129.0
008 110329t xxu||||| |||| 00| 0 mar d
010 _aMAR-20675
020 _a9789380361055
_c200.00
035 _aMR-13333
037 _bDBAD / PUB
040 _aDPL
_bMR
100 _aपिंरसिग,रॉबर्ट एम
_926818
245 _aझेन अँड द आर्ट ऑफ मोटरसायकल मेन्टेन्स /
_cरॉबर्ट एम पिरसिंग:सरोज देशपांडे द्वारा अनुवादित
246 _aZen and the Art of Motorcycle
_bby Robert M Pirasingh
260 _aपुणे
_bरोहन प्रकाशन
_c2010
270 _aधवलगिरी अपार्टमेन्ट्स शॉप 5 व 6 430,शनिवार पेठ पोलिस चौकीसमोर
_bपुणे
_e411030
300 _aसतरा,199पृ
_c21 सेमी ( अजिल्द)
_bसचित्र
700 _926819
_aदेशपांडे,सरोज
700 _926848
942 _2ddc
_cMR
_h808.883
_mपिंरसि
999 _c51329
_d51329